000 00557cam a2200229ua 4500
020 _c130.00
041 _aeng
_h
082 _a621.3815
_bMIT/EL
100 _aMithal, G K .
245 _aElectronic devices and circuits, Vol 1 /
_cG K Mithal.
_hTextual Documents
250 _a9 /
_b.
260 _aDelhi :
_bKhanna publishers ,
_c1995.
300 _a704 ; .
365 _a130.00
500 _a*CSS
504 _a
700 1 _aMittal, Ravi .
942 _cBK
999 _c11070
_d11070